00450nam a2200169Ia 450000500170000000800410001702000090005804000190006704100120008608200170009810000270011524500440014226000540018630000110024065000190025185000100027020230322112402.0131103s9999 xx 000 0 und d cRs.5 aLoreto College aEnglish a891.441bMUK aMukhopadhaya, tamonash aKabya nirjharanicTamonash Mukhopadhaya aCalcuttabThe Elite PRinters and Publishersc1389 a104p.  aBengali poetry aLCLIB